000 02419nam a2200313 i 4500
003 DO-SdBNP
005 20250611073819.0
007 ta
008 240815s2023 dr d 000 j spa d
020 _a9789945644586
040 _aDO-SdBNP
_bspa
_cBNPHU
_erda
082 _222
_bR426ma
110 1 _aRepública Dominicana.
_bMinisterio de Salud Pública
_980830
240 1 _aTratamiento Preventivo para Tuberculosis /
245 1 0 _aManual de procedimientos para la administración del tratamiento preventivo para tuberculosis (TPT) /
264 1 _aSanto Domingo :
_bMspas,
_c2023.
300 _a69 páginas,
_bgrafícas
_c22 cm.
336 _2rdacontent
_atexto
_btxt
337 _2rdamedia
_asin mediación
_bn
338 _2rdacarrier
_avolumen
_bnc
500 _aLibro en espiral.
504 _aBibliografía p: 62-64.
520 _aLa tuberculosis (TB) persiste como un problema de salud pública en la República Dominicana, afectando especialmente a poblaciones clínica y socialmente vulnerables. El tratamiento preventivo de la TB (TPT) es una de las intervenciones clave recomendadas por la OMS para alcanzar las metas de la Estrategia Fin de la TB, tal como se sostuvo en la Reunión de Alto Nivel de las Naciones Unidas sobre la TB en septiembre del 2018. El Ministerio de Salud Pública y Asistencia Social a través del Viceministerio de Salud Colectiva y el Programa de Tuberculosis (PT), Programa de VIH-ITS (antigua Dirección General de Enfermedad Sexual y SIDA-DIGECITSS), Servicio Nacional de Salud (SNS) y referentes de Pediatría junto con el apoyo de Fondo Mundial ha desarrollado el presente manual para la estandarización de los procedimientos para la administración de la TPT en el país. El presente manual, es parte una estrategia nacional dotada también con herramientas de monitoreo y evaluación junto con cursos para desarrollar capacidades en el personal de salud que permitan replicar las estrategias en los diferentes niveles. Este manual establece las bases y procedimientos para una realización óptima de la TPT que contribuya en la prevención de la enfermedad y a largo plazo en la reducción de la transmisión e incidencia de la TB en la República Dominicana.
590 _aInventariado, 2024/ YL
650 4 _aTuberculosis
_xTratamiento
_979001
710 1 _aMinisterio de Salud Pública y Asistencia Social
_986348
910 _aYLockward
942 _2ddc
_cLBS1
999 _c57466
_d57466